Super Smash Bros. Fighters #38 - The Sonic Quiz - Statistics

General Stats
  • This quiz has been taken 403 times
    219 since last reset
  • The average score is 9 of 13
Answer Stats
Question Answer % Correct
Who is Sonic’s best friend? Tails
97%
Who is the main bad guy in most Sonic games? Dr. Eggman
96%
Where does the first level in Sonic 1 — and many other games — take place? {Green} {Hill} Zone
95%
Sonic’s edgy doppelgänger; has a gun Shadow
94%
Sonic can transform into Super Sonic after collecting all 7 what? Chaos Emeralds
91%
What is Sonic’s favourite food? Chilli Dog
89%
What does Sonic transform into in the game Sonic Unleashed? Sonic the {Werehog}
79%
What game was released to celebrate Sonic’s 20th anniversary? Sonic Generations
60%
In Sonic Colors, Sonic worked with what species to save their planet? Wisps
58%
Sonic was originally going to be what animal? Rabbit
55%
Who was the mascot of Sega before Sonic? Alex Kidd
50%
Sonic games are infamous for being bad. What is the worst one, according to Metacritic? Sonic Boom: Rise of Lyric
41%
Sonic's very first appearance was as a cameo in what game? Rad Mobile
34%
No matching quizzes found
Score Distribution
Percent of People with Each Score
Percentile by Number Answered
Your Score History
You have not taken this quiz since the last reset